000
00245nam a2200097Ia 4500
005
20251222114343.0
008
251222s1900||||xx |||||||||||||| ||spa||
082
_a
DVD0093/U61S/2003
245
0
_a
Charla: estado, nación y subsidiariedad:
942
_c
DVD
999
_c
922
_d
922